00901nam a2200241Ia 4500001000600000003000900006008004100015040001300056040001300069041001300082100001800095100002900113245005300142245005400195250001100249260000900260260001200269260004900281300005900330500021200389650002700601650003100628B6120IT-RoPAU130308s9999 xx 000 0 und d aIT-RoPAU cIT-RoPAU aITALIANO aAnile Alberto gCodice Aut. SPICS: 28428 aHorror di riporto-Gli anni novanta (postfazione) bStoria del Cinema dell'Orrore-Vol.Iii (1976/1993) a1a ed. aROMA bFanucci c1993 [1° Ed.:1993 - Ed.Ling.Originale:1993] a"62 p. (prefazione: no ; testo: 62 [pagine: 436-497])" aProblemi di fondo Artistici ed Economici degli Anni Novanta. Argento e Glialtri. serial Thriller. Remake, Rivisitazioni e Citazioni. Visionari. Vecchi e Nuovi Orrori. cyborg e Realtà Virtuale. Filmografia. aGENERI CINEMATOGRAFICI eCodice materia Spics: 6810